[Event "IRL-ch 102nd"]
[Site "Dublin"]
[Date "2023.08.07"]
[Round "3"]
[White "Healy, John"]
[Black "Nolan, Conor"]
[Result "0-1"]
[WhiteElo "1949"]
[BlackElo "1935"]
[PlyCount "26"]
[EventDate "2023.08.05"]
[EventType "swiss"]
[EventRounds "9"]
[EventCountry "IRL"]
[SourceTitle "CBM 215 Extra"]
[Source "ChessBase"]
[SourceDate "2023.09.30"]
[SourceVersion "1"]
[SourceVersionDate "2023.09.30"]
[SourceQuality "1"]

1. e4 e5 2. Nf3 Nc6 3. Bc4 Bc5 4. c3 Nf6 5. d3 0-0 6. Bb3 d5 7. Qe2 dxe4 8. dxe4 Qe7 9. Nbd2 Be6 10. 0-0 a5 11. a4 Nh5 12. Nxe5 Nxe5 13. Qxh5 Bg4 0-1

[Event "IRL-ch"]
[Site "Dublin"]
[Date "2018.08.04"]
[Round "1"]
[White "Delaney, Killian"]
[Black "Nolan, Conor"]
[Result "1/2-1/2"]
[WhiteElo "2206"]
[BlackElo "1935"]
[PlyCount "60"]
[EventDate "2018.08.04"]
[EventType "swiss"]
[EventRounds "9"]
[EventCountry "IRL"]
[SourceTitle "CBM 185 Extra"]
[Source "ChessBase"]
[SourceDate "2018.07.29"]
[SourceVersion "1"]
[SourceVersionDate "2018.07.29"]
[SourceQuality "1"]

1. e4 e5 2. Nf3 Nc6 3. Bc4 Bc5 4. c3 Nf6 5. d3 a6 6. 0-0 d6 7. a4 a5 8. Re1 0-0 9. h3 h6 10. Nbd2 Re8 11. Nf1 Ba7 12. Ng3 Be6 13. Bb5 Bd7 14. d4 exd4 15. cxd4 Nb4 16. Bf1 d5 17. e5 Ne4 18. Bd3 Nxg3 19. fxg3 Nxd3 20. Qxd3 c5 21. g4 Re6 22. Be3 Qe7 23. dxc5 Bxc5 24. Qxd5 Bxe3+ 25. Rxe3 Bc6 26. Qc4 Bxf3 27. Rxf3 Rxe5 28. Raf1 Rf8 29. Rf5 Rxf5 30. Rxf5 Rd8 1/2-1/2

[Event "Glorney Cup"]
[Site "Cardiff"]
[Date "2017.07.24"]
[Round "1.3"]
[White "Nolan, Conor"]
[Black "Higgins, Michael"]
[Result "1/2-1/2"]
[WhiteElo "1849"]
[BlackElo "1955"]
[PlyCount "86"]
[EventDate "2017.07.24"]
[EventType "team-tourn"]
[EventRounds "5"]
[EventCountry "WLS"]
[SourceTitle "CBM 179 Extra"]
[Source "ChessBase"]
[SourceDate "2017.08.23"]
[SourceVersion "1"]
[SourceVersionDate "2017.08.23"]
[SourceQuality "1"]
[WhiteTeam "Ireland II"]
[BlackTeam "Ireland"]
[WhiteTeamCountry "IRL"]
[BlackTeamCountry "IRL"]

1. d4 Nf6 2. Nf3 g6 3. g3 Bg7 4. Bg2 0-0 5. 0-0 d6 6. a4 Nbd7 7. Re1 e5 8. dxe5 Nxe5 9. Nxe5 dxe5 10. Nc3 c6 11. e4 Qc7 12. h3 Be6 13. Qe2 Nd7 14. b3 f5 15. exf5 gxf5 16. Ba3 Rfe8 17. Rad1 e4 18. Nxe4 fxe4 19. Bxe4 Nf6 20. Qf3 Bxh3 21. Bd6 Qf7 22. Bd3 Qh5 23. Qf4 Qg4 24. Bc4+ Kh8 25. Qc1 Qf3 26. Bf1 Bxf1 27. Rxf1 Ne4 28. Rd3 Qf5 29. Ba3 Rad8 30. Qd1 Rxd3 31. Qxd3 Qd5 32. Qxd5 cxd5 33. Rd1 Rd8 34. Kg2 Kg8 35. f3 Ng5 36. Be7 Rc8 37. Bxg5 Rxc2+ 38. Rd2 Rc3 39. Rxd5 Rxb3 40. Rb5 Rxb5 41. axb5 Bd4 42. Kf1 Kf7 43. Ke2 Ke6 1/2-1/2